000
00324nam a2200133Ia 4500
008
260604s9999 xx 000 0 und d
020
_a
9781858988238
082
_a
320.6 CAS
100
_a
Francis g. castles
_9
35826
245
0
_a
Comparative Public Policy
260
_b
EDWARD ELGAR
500
_a
Public Policy
942
_c
BK
999
_c
8659
_d
8659